000 00986nam0a22002531 4500
001 rc\2623651
005 20250803040604.0
035 _a(NLR Aleph) 006787291
090 _a6106891
_c6106891
100 _a20110914d1931 |||y0rusy50 ca
101 0 _arus
102 _aRU
105 _aa z |||||
200 1 _aПедологические пути дошкольного воспитания
_e[Сборник статей]
_eС 20 цветными табл., 46 рис., 25 граф.
_fС. Моложавый, Е. Моложавая
210 _aМосква
_aЛенинград
_cГос. учеб.-пед. изд-во
_d1931
_eМосква
_gтип. "Гудок"
215 _a143 с., XX с.
_cкрас. ил.
_d25х17 см.
700 1 _aМоложавый
_bС.С.
_f1879-
_gСтепан Степанович
701 1 _aМоложавая
_bЕ.
801 0 _aRU
_bNLR
_gpsbo
801 1 _aRU
_bELAR
_2rusmarc
852 _aNLR
_j32-5/179
942 _cBOOK
980 _aNB